[Event "UZB-ch (Women)"]
[Site "Tashkent"]
[Date "2016.03.16"]
[Round "7"]
[White "Tokhirjonova, Gulruhbegim"]
[Black "Oblaeva, Gulzoda"]
[Result "1-0"]
[WhiteElo "2259"]
[BlackElo "1883"]
[PlyCount "56"]
[EventDate "2016.03.10"]
[EventType "tourn"]
[EventRounds "11"]
[EventCountry "UZB"]
[SourceTitle "CBM 171 Extra"]
[Source "ChessBase"]
[SourceDate "2016.04.26"]
[SourceVersion "1"]
[SourceVersionDate "2016.04.26"]
[SourceQuality "1"]

1. e4 e6 2. d4 b6 3. Bd3 Bb7 4. Ne2 g6 5. 0-0 Bg7 6. c3 d6 7. f4 Nd7 8. Nd2 Qe7 9. a4 a5 10. Nf3 Ngf6 11. Ng3 e5 12. Qe2 0-0 13. Bd2 Rfe8 14. Rae1 Kh8 15. f5 Ng8 16. fxg6 fxg6 17. Ng5 Bf6 18. Nf3 Rf8 19. Be3 Rae8 20. Qd2 Qg7 21. d5 h6 22. b4 Ra8 23. Bb5 Kh7 24. Rf2 Bc8 25. Ref1 Be7 26. Bc6 Ra7 27. h3 Ndf6 28. Kh2 Bd7 1-0